Preddavky na daň z príjmov FO na rok 2016

Povinnosť podnikajúcich fyzických osôb platiť preddavky na daň z príjmov podľa zákona o dani z príjmov. Platenie preddavkov na daň mesačne alebo štvrťročne. Vymedzenie základu dane na účely určenia poslednej daňovej povinnosti. Výpočet PZDP na účely platenia preddavkov v roku 2016.

Guardado en:
Detalles Bibliográficos
Autor principal: Rabatinová, Marcela, 1977-
Formato: Capítulo de libro
Lenguaje:eslovaco
Materias:
Etiquetas: Agregar Etiqueta
Sin Etiquetas, Sea el primero en etiquetar este registro!

MARC

LEADER 00000naa a2200000 4500
001 0213607
005 20240502073550.4
041 0 |a slo 
044 |a SK 
245 1 0 |a Preddavky na daň z príjmov FO na rok 2016  |c Marcela Rabatinová 
520 |a Povinnosť podnikajúcich fyzických osôb platiť preddavky na daň z príjmov podľa zákona o dani z príjmov. Platenie preddavkov na daň mesačne alebo štvrťročne. Vymedzenie základu dane na účely určenia poslednej daňovej povinnosti. Výpočet PZDP na účely platenia preddavkov v roku 2016. 
610 2 0 |a dane z príjmov 
610 2 0 |a preddavky 
610 2 0 |a daňovníci 
610 2 0 |a podnikatelia 
610 2 0 |a osoby fyzické 
610 2 0 |a legislatíva 
610 2 0 |a základ dane 
100 1 |a Rabatinová, Marcela, 1977-